The Code of civil procedure : (Record no. 526)

MARC details
000 -LEADER
fixed length control field 00865cam a2200289 i 4500
001 - CONTROL NUMBER
control field 1302071
003 - CONTROL NUMBER IDENTIFIER
control field OSt
005 - DATE AND TIME OF LATEST TRANSACTION
control field 20110422124839.0
008 - FIXED-LENGTH DATA ELEMENTS--GENERAL INFORMATION
fixed length control field 761001s1976 xx k 001 0 eng
020 ## - INTERNATIONAL STANDARD BOOK NUMBER
Terms of availability 8180381454
040 ## - CATALOGING SOURCE
Original cataloging agency DLC
Transcribing agency DLC
Modifying agency DLC
043 ## - GEOGRAPHIC AREA CODE
Geographic area code a-pk---
050 00 - LIBRARY OF CONGRESS CALL NUMBER
Classification number KPL3564.31908
Item number .A62 1976
082 00 - DEWEY DECIMAL CLASSIFICATION NUMBER
Classification number 347.05 PRA
100 0# - MAIN ENTRY--PERSONAL NAME
Personal name Prasad, B. M.
245 14 - TITLE STATEMENT
Title The Code of civil procedure :
Remainder of title act V of 1908 /
Statement of responsibility, etc S. K. Sarvaria /
250 ## - EDITION STATEMENT
Edition statement 7th ed.
260 ## - PUBLICATION, DISTRIBUTION, ETC. (IMPRINT)
Place of publication, distribution, etc India.
Name of publisher, distributor, etc Butterworths.
Date of publication, distribution, etc 2007.
300 ## - PHYSICAL DESCRIPTION
Extent Ixxviii, 1673p.;
Other physical details v, 4
Dimensions 25 cm.
500 ## - GENERAL NOTE
General note "Pakistani case law upto Dec. 1975."
500 ## - GENERAL NOTE
General note Includes index.
650 #0 - SUBJECT ADDED ENTRY--TOPICAL TERM
Topical term or geographic name as entry element Civil procedure
Geographic subdivision Pakistan.
9 (RLIN) 1530
710 12 - ADDED ENTRY--CORPORATE NAME
Corporate name or jurisdiction name as entry element Pakistan.
Title of a work Code of Civil Procedure, 1908.
9 (RLIN) 1531
906 ## - LOCAL DATA ELEMENT F, LDF (RLIN)
a 7
b cbc
c orignew
d u
e ncip
f 19
g y-gencatlg
942 ## - ADDED ENTRY ELEMENTS (KOHA)
Source of classification or shelving scheme Dewey Decimal Classification
Koha item type Books

No items available.